| 000 | 00779nam a2200241 a 4500 | ||
|---|---|---|---|
| 005 | 20260312064045.0 | ||
| 008 | 011016s19881994 r 000 0 eng d | ||
| 020 | _a8486587204 | ||
| 035 | _aUPN01000113090 | ||
| 049 | _aCG | ||
| 050 | 4 |
_aLB1047 _bG3.2 |
|
| 100 | 1 | _aGarcía Blanco, Ángela. | |
| 245 | 1 | 0 |
_aDidáctica del museo : _bel descubrimiento de los objetos / _cAngela García Blanco. |
| 260 |
_aMadrid : _bEdiciones de la Torre, _c1988 (1994 impr.) |
||
| 300 | _a171 p. | ||
| 440 | 0 |
_aProyecto didáctico Quirón ; _v10 _pCiencias sociales |
|
| 650 | 2 |
_aMuseos y escuelas _94971 |
|
| 650 | 2 |
_aMétodos de enseñanza _95706 |
|
| 650 | 4 |
_aMateriales didácticos _97263 |
|
| 650 | 4 |
_aEnseñanza _vMateriales auxiliares _912548 |
|
| 902 | _aLibro | ||
| 999 |
_c86998 _d86998 |
||